2025-26 Indiana Basketball Roster - Statistics

General Stats
  • This quiz has been taken 8 times
  • The average score is 7 of 17
Answer Stats
Hint Answer % Correct
3 Lamar Wilkerson
100%
4 Sam Alexis
83%
5 Conor Enright
67%
7 Nick Dorn
67%
12 Tucker Devries
67%
0 Jasai Miles
50%
1 Reed Bailey
50%
6 Tayton Conerway
50%
13 Aleksa Ristic
33%
21 Drew Snively
33%
30 Ian Stephens
33%
2 Jason Drake
33%
11 Trent Sisley
33%
14 Jordan Rayford
17%
10 Josh Harris
17%
15 Andrej Acimovic
0%
18 Tryce Grensing
0%
No matching quizzes found
Score Distribution
Percent of People with Each Score
Percentile by Number Answered
Your Score History
You have not taken this quiz